Countries of Africa by population - Statistics

General Stats
  • This quiz has been taken 44 times
  • The average score is 43 of 54
Answer Stats
First Letter Answer % Correct
E Ethiopia
100%
N Niger
100%
N Nigeria
100%
D D.R.Congo
97%
E Egypt
97%
S South Africa
91%
T Tanzania
91%
A Algeria
88%
A Angola
88%
K Kenya
88%
R Republic of the Congo
88%
U Uganda
88%
S Sudan
85%
G Ghana
82%
M Mali
82%
B Botswana
79%
C Cameroon
79%
I Ivory Coast
79%
L Libya
79%
M Mauritania
79%
M Morocco
79%
M Mozambique
79%
R Rwanda
79%
S Senegal
79%
Z Zambia
79%
Z Zimbabwe
79%
B Burundi
76%
C Cape Verde
76%
E Eritrea
76%
G Guinea
76%
L Lesotho
76%
S Somalia
76%
S South Sudan
76%
T Togo
76%
T Tunisia
76%
B Benin
74%
C Chad
74%
C Comoros
74%
E Equatorial Guinea
74%
E Eswatini
74%
L Liberia
74%
M Malawi
74%
S Seychelles
74%
B Burkina Faso
71%
C Central African Republic
71%
D Djibouti
71%
G Gabon
71%
G Gambia
71%
N Namibia
71%
S Sao Tome and Principe
71%
S Sierra Leone
71%
G Guinea-Bissau
68%
M Mauritius
68%
M Madagascar
53%
No matching quizzes found
Score Distribution
Percent of People with Each Score
Percentile by Number Answered
Your Score History
You have not taken this quiz